000 00296nam a22001337a 4500
008 170526b xxu||||| |||| 00| 0 eng d
020 _a9780026679589
041 _aeng
080 _212TH
_a621
100 _a25
101 _aIM
245 _aMECHANICAL DRAWING
_cFRENCH,TH.E
942 _2udc
_cBK
999 _c14611
_d14611